00636nam a2200145Ia 4500008004100000050002300041100002000064245015300084260008600237300002000323521001500343942000700358999001900365952010600384140724s9999 xx 000 0 und d aBF 698b.B929 2013 aBufi, Dennis J. aPersonality types and level of marital satisfaction of selected married employees in Southviile International School and Colleges /cDennis J. Bufi. aLas Piñas, Philippines :bSouthville International School and Colleges,cc2013. a64 p. :c28 cm. aPsychology cTH c229094d229094 001040aCLbCLcTHESESd2014-07-24l0oBF 698 .B929 2013pT0448r2018-05-15 00:00:00w2014-07-24yTH